000
00248nam a2200097Ia 4500
001
641986
005
20250826153518.0
008
250824s9999 xx 000 0 und d
245
0
_a
LEVENT HAZİNE KAŞİFİ
_c
MUSTAFA ORAKÇI
260
_b
TİMAŞ ÇOCUK
999
_c
641986
_d
641986